Ga door naar de inhoud

Физика. Электричество и электромагнетизм. Оптика. Физика атома и атомного ядра

<p>В учебном пособии изложены основные физические понятия, явления, законы и теории по электричеству, электромагнетизму, оптике, квантовой механике, физике атома, атомного ядра и элементарных частиц. Имеются сведения о роли физического знания в агропромышленном комплексе. Содержание учебного п...

Volledige beschrijving

Bewaard in:
Bibliografische gegevens
Hoofdauteur: Шамина С. В.
Formaat: Книга
Taal:Russian
Gepubliceerd in: Санкт-Петербург Лань 2022
Onderwerpen:
Online toegang:https://e.lanbook.com/book/200375
https://e.lanbook.com/img/cover/book/200375.jpg
Tags: Voeg label toe
Geen labels, Wees de eerste die dit record labelt!
LEADER 02004nam0a2200349 i 4500
001 200375
003 RuSpLAN
005 20221220174143.0
008 221220s2022 ru gs 000 0 rus
020 |a 978-5-8114-8856-8 
040 |a RuSpLAN 
041 0 |a rus 
044 |a ru 
080 |a 22.3я73 
084 |a 53  |2 rubbk 
245 0 0 |a Физика. Электричество и электромагнетизм. Оптика. Физика атома и атомного ядра  |c Шамина С. В. 
260 |a Санкт-Петербург  |b Лань  |c 2022 
300 |a 172 с. 
504 |a Библиогр.: доступна в карточке книги, на сайте ЭБС Лань 
520 8 |a <p>В учебном пособии изложены основные физические понятия, явления, законы и теории по электричеству, электромагнетизму, оптике, квантовой механике, физике атома, атомного ядра и элементарных частиц. Имеются сведения о роли физического знания в агропромышленном комплексе. Содержание учебного пособия представлено с учетом требований ФГОС ВО и специфики образовательной организации.</p>  
521 8 |a Книга из коллекции Лань - Физика 
653 0 |a электричество 
653 0 |a электромагнетизм 
653 0 |a оптика 
653 0 |a квантовая механика 
653 0 |a физика атома 
653 0 |a атомное ядро 
653 0 |a элементарные частицы 
100 1 |a Шамина С. В. 
856 4 |u https://e.lanbook.com/book/200375 
856 4 8 |u https://e.lanbook.com/img/cover/book/200375.jpg 
953 |a https://e.lanbook.com/img/cover/book/200375.jpg 
Cannot write session to /tmp/vufind_sessions/sess_e6jb4qe9umld162aq5o0t3kt62